| 000 | 00552nam a2200193 i 4500 | ||
|---|---|---|---|
| 001 | 51917 | ||
| 003 | ES-MaACL | ||
| 005 | 20230906162454.0 | ||
| 007 | t| | ||
| 008 | 030820s1977 sp ||||1| spa d | ||
| 245 | 0 | 3 |
_aEl darwinismo en España / _cedición de Diego Núñez. |
| 260 |
_a[Madrid] : _bCastalia, _c[1977] |
||
| 300 |
_a464 p. ; _c19 cm. |
||
| 490 | 1 | _aBiblioteca del pensamiento | |
| 700 | 1 |
_aNúñez, Diego. _986147 |
|
| 830 | 0 |
_aBiblioteca del pensamiento _9176521 |
|
| 852 |
_aES-MaACL _jA-8267 _bR.97167 |
||
| 999 |
_c51917 _d51917 |
||